Informe de la investigación del léxico básico de la lengua escrita en República Dominicana y diccionario de uso, frecuencia y dispersión / (Registro nro. 14791)

Detalles MARC
000 -LEADER
fixed length control field 01773nam a2200301 a 4500
001 - CONTROL NUMBER
control field 000007203
003 - CONTROL NUMBER IDENTIFIER
control field DO-SdBNP
005 - DATE AND TIME OF LATEST TRANSACTION
control field 20240830133316.0
008 - FIXED-LENGTH DATA ELEMENTS--GENERAL INFORMATION
fixed length control field 090907s1981 dr 000 0 spa d
040 ## - CATALOGING SOURCE
Original cataloging agency DO-SdBNP
Language of cataloging spa
Transcribing agency BPMSU
082 #4 - DEWEY DECIMAL CLASSIFICATION NUMBER
Classification number R467.97293
Item number G643i 1982
Edition number 22
100 1# - MAIN ENTRY--PERSONAL NAME
Personal name González, Antonio
245 10 - TITLE STATEMENT
Title Informe de la investigación del léxico básico de la lengua escrita en República Dominicana y diccionario de uso, frecuencia y dispersión /
Statement of responsibility, etc. Antonio González, Santiago Cabanes, Francisco García.
246 14 - VARYING FORM OF TITLE
Title proper/short title Léxico básico de la lengua escrita en la República Dominicana.
246 13 - VARYING FORM OF TITLE
Title proper/short title Diccionario de uso, frecuencia y dispersión
260 ## - PUBLICATION, DISTRIBUTION, ETC. (IMPRINT)
Place of publication, distribution, etc. Santo Domingo :
Name of publisher, distributor, etc. Universidad Nacional Pedro Henríquez Ureña,
Date of publication, distribution, etc. 1982
300 ## - PHYSICAL DESCRIPTION
Extent 374 p. ;
Dimensions 20 cm.
505 ## - FORMATTED CONTENTS NOTE
Formatted contents note Consideraciones preliminares -- Presentación -- Definición del problema -- Objetivo general -- Hipótesis -- Definición de los términos -- Relación con proyectos más generales -- Relación de la investigación con otras anteriores -- Justificación de la investigación -- Estructura de la investigación -- Guía para colaboradores -- Análisis definitivo -- Vocabulario de frecuencia por orden alfabético --. Vocabulario de uso por orden descendente -- Vocabulario de frecuencia por orden descendente -- Vocabulario de dispersión por orden descendente.
590 ## - LOCAL NOTE (RLIN)
Local note Inventariado, 2024/VM
650 #4 - SUBJECT ADDED ENTRY--TOPICAL TERM
Topical term or geographic name as entry element Español
General subdivision Investigaciones
650 #4 - SUBJECT ADDED ENTRY--TOPICAL TERM
Topical term or geographic name as entry element Español en República Dominicana
650 #4 - SUBJECT ADDED ENTRY--TOPICAL TERM
Topical term or geographic name as entry element Español
General subdivision Glosarios, vocabularios, etc.
700 1# - ADDED ENTRY--PERSONAL NAME
Personal name Cabanes, Santiago
Relator term autor
700 1# - ADDED ENTRY--PERSONAL NAME
Personal name García, Francisco
Relator term autor
710 2# - ADDED ENTRY--CORPORATE NAME
Corporate name or jurisdiction name as entry element Universidad Nacional Pedro Henríquez Ureña(República Dominicana)
910 ## - USER-OPTION DATA (OCLC)
User-option data VMateo V. Control de calidad. BPMSU
942 ## - ADDED ENTRY ELEMENTS (KOHA)
Source of classification or shelving scheme Dewey Decimal Classification
Koha item type Libros
Existencias
Withdrawn status Lost status Source of classification or shelving scheme Damaged status Not for loan Collection code Home library Current library Date acquired Total Checkouts Full call number Barcode Date last seen Price effective from Koha item type
    Dewey Decimal Classification     Colección de Referencia Dominicana Biblioteca Pública Metropolitana Salomé Ureña Biblioteca Pública Metropolitana Salomé Ureña 08/30/2024   BPMSU CDR R467.97293 G643i 1982 BPMSU24080054 08/30/2024 08/30/2024 Libros